|
|
|
|
| LEADER |
00000cam a2200000 a 4500 |
| 001 |
1/124254 |
| 008 |
220127s2021####gr | ||| |||| ||gre|| |
| 020 |
|
|
|a 9789604189007
|q (σκληρό εξώφυλλο)
|
| 040 |
|
|
|a GR-MyUa
|b gre
|c GR-MyUa
|e AACR2
|
| 041 |
0 |
|
|a gre
|
| 082 |
7 |
|
|a 341.242
|2 (23)
|
| 100 |
1 |
|
|a Λιαργκόβας, Παναγιώτης Γ.,
|d 1963-
|
| 245 |
1 |
3 |
|a Το ευρωπαϊκό φαινόμενο :
|b ιστορία, θεσμοί, πολιτικές /
|c Παναγιώτης Λιαργκόβας, Χρήστος Παπαγεωργίου.
|
| 250 |
|
|
|a 3η έκδ.
|
| 260 |
|
|
|a Θεσσαλονίκη :
|b Τζιόλας,
|c c2021.
|
| 300 |
|
|
|a xxvi, 829 σ. :
|b σχήμ., φωτ., εικ. ;
|c 24 εκ.
|
| 500 |
|
|
|a Εμπλουτισμένο βιβλίο - QRbiblio.
|
| 504 |
|
|
|a Βιβλιογραφία : σ. 809-814.
|
| 504 |
|
|
|a Ευρετήριο : σ. 815-829.
|
| 610 |
2 |
0 |
|a European Union
|x Politics and government.
|
| 610 |
2 |
0 |
|a European Union
|x History.
|
| 651 |
|
0 |
|a European Union countries
|x Politics and government.
|
| 700 |
1 |
|
|a Παπαγεωργίου, Χρήστος,
|d 1956-
|
| 852 |
|
|
|a INST
|b RHODES
|c EUDOXUS
|e 20220127
|h 341.242 ΛΙΑ
|p 005400042528
|q 005400042528
|t EDX
|y 0
|
| 920 |
|
|
|a Εύδοξος
|b Παραγγελία
|y Ρόδος-ΤΜΣ
|z 2022-01
|
| 970 |
|
|
|z 27-01-2022
|